[Event "San Francisco TNM Winter op"]
[Site "San Francisco"]
[Date "2010.01.26"]
[Round "4"]
[White "Shnaiderman, Lazar"]
[Black "Bultman, Charles"]
[Result "0-1"]
[WhiteElo "1873"]
[BlackElo "1714"]
[PlyCount "72"]
[EventDate "2010.01.05"]
[EventType "swiss"]
[EventRounds "8"]
[EventCountry "USA"]
[SourceTitle "EXT 2012"]
[Source "ChessBase"]
[SourceDate "2011.11.24"]
[SourceVersion "1"]
[SourceVersionDate "2011.11.24"]
[SourceQuality "1"]

1. d4 Nf6 2. c4 c5 3. d5 e6 4. Nc3 g6 5. Nf3 Bg7 6. e4 d6 7. Be2 0-0 8. 0-0 Na6 9. h3 Nc7 10. Be3 exd5 11. cxd5 Qe8 12. Nd2 b5 13. Bf3 a5 14. Bf4 Qd8 15. Re1 b4 16. Bxd6 Qxd6 17. e5 Qa6 18. exf6 Bxf6 19. Na4 Rb8 20. Ne4 Bd4 21. Nexc5 Bxc5 22. Nxc5 Qf6 23. Rc1 Nb5 24. Nd3 Bf5 25. Ne5 Rfd8 26. Nc6 Qxb2 27. Nxb8 Rxb8 28. Qe2 Qxe2 29. Rxe2 Nd4 30. Rd2 Nxf3+ 31. gxf3 a4 32. d6 Kf8 33. Kh2 b3 34. axb3 axb3 35. Rb2 Ke8 36. Rc7 Rb6 0-1

[Event "San Francisco TNM Max Wilkerson op"]
[Site "San Francisco"]
[Date "2009.09.08"]
[Round "6"]
[White "Manvelyan, Hovik"]
[Black "Bultman, Charles"]
[Result "1-0"]
[WhiteElo "1951"]
[BlackElo "1721"]
[PlyCount "67"]
[EventDate "2009.08.03"]
[EventType "swiss"]
[EventRounds "9"]
[EventCountry "USA"]
[SourceTitle "EXT 2012"]
[Source "ChessBase"]
[SourceDate "2011.11.24"]
[SourceVersion "1"]
[SourceVersionDate "2011.11.24"]
[SourceQuality "1"]

1. d4 Nf6 2. c4 g6 3. Nc3 Bg7 4. e4 d6 5. f4 0-0 6. Nf3 c5 7. d5 e6 8. Be2 exd5 9. cxd5 Re8 10. Nd2 b6 11. 0-0 Ba6 12. Bxa6 Nxa6 13. Qa4 Nc7 14. Nf3 a6 15. Re1 b5 16. Qc2 b4 17. Nd1 Nb5 18. Nf2 Rc8 19. Qc4 Nd7 20. Rb1 Nb6 21. Qf1 Qd7 22. g4 Nd4 23. Nxd4 Bxd4 24. f5 gxf5 25. gxf5 Kh8 26. Be3 Bxe3 27. Rxe3 Nxd5 28. Rg3 Nf6 29. Qxa6 Nxe4 30. Nxe4 Rxe4 31. Rd1 Qxf5 32. Qxd6 Rce8 33. Qd2 Re2 34. Qxe2 1-0

[Event "San Francisco TNM Summer op"]
[Site "San Francisco"]
[Date "2009.06.30"]
[Round "6"]
[White "Bultman, Charles"]
[Black "Manvelyan, Hovik"]
[Result "0-1"]
[WhiteElo "1722"]
[BlackElo "1963"]
[PlyCount "80"]
[EventDate "2009.05.26"]
[EventType "swiss"]
[EventRounds "8"]
[EventCountry "USA"]
[SourceTitle "EXT 2012"]
[Source "ChessBase"]
[SourceDate "2011.11.24"]
[SourceVersion "1"]
[SourceVersionDate "2011.11.24"]
[SourceQuality "1"]

1. e4 e6 2. d4 d5 3. Nc3 Bb4 4. e5 c5 5. a3 Bxc3+ 6. bxc3 Ne7 7. Nf3 Qa5 8. Bd2 Nbc6 9. a4 Bd7 10. Bb5 0-0 11. 0-0 f6 12. exf6 Rxf6 13. Bg5 Rf7 14. Qd2 Ng6 15. Rfe1 Raf8 16. dxc5 Rxf3 17. gxf3 h6 18. Bxh6 Nce5 19. Rxe5 Nxe5 20. Be2 gxh6 21. Qxh6 Rf7 22. Kh1 Rg7 23. Rg1 Rxg1+ 24. Kxg1 Nf7 25. Qf6 Qd8 26. Qg6+ Kf8 27. f4 Qh4 28. Bh5 Qxf4 29. Qxf7+ Qxf7 30. Bxf7 Kxf7 31. a5 a6 32. f4 Kf6 33. Kf2 Ba4 34. Kg3 Bxc2 35. Kg4 Bd1+ 36. Kg3 Kf5 37. h3 Bh5 38. h4 Bg4 39. Kf2 Kxf4 40. Ke1 Ke3 0-1

[Event "San Francisco TNM Spring op"]
[Site "San Francisco"]
[Date "2009.03.31"]
[Round "3"]
[White "Nelson, Christopher"]
[Black "Bultman, Charles"]
[Result "1/2-1/2"]
[WhiteElo "1420"]
[BlackElo "1724"]
[PlyCount "96"]
[EventDate "2009.03.16"]
[EventType "swiss"]
[EventRounds "8"]
[EventCountry "USA"]
[SourceTitle "EXT 2012"]
[Source "ChessBase"]
[SourceDate "2011.11.24"]
[SourceVersion "1"]
[SourceVersionDate "2011.11.24"]
[SourceQuality "1"]

1. d4 Nf6 2. Nf3 g6 3. Bg5 Bg7 4. e3 0-0 5. Nbd2 d5 6. Bd3 Nc6 7. c3 Re8 8. Qe2 Qd6 9. Bf4 Qd7 10. Bb5 Ng4 11. h3 e5 12. dxe5 Ngxe5 13. Nxe5 Bxe5 14. Bxe5 Rxe5 15. f4 Re7 16. 0-0-0 Qe8 17. Rhe1 Bf5 18. g4 Be4 19. Nxe4 dxe4 20. h4 a6 21. Ba4 b5 22. Bc2 b4 23. Qc4 Rb8 24. h5 bxc3 25. Qxc3 Nb4 26. Bb3 Nd3+ 27. Rxd3 exd3 28. Qxd3 Rd8 29. Qc3 Rd6 30. Kb1 Qd8 31. hxg6 Rxg6 32. Rh1 Qa8 33. Rh2 Rxg4 34. a3 Rg1+ 35. Ka2 Qe8 36. Bc2 Rg7 37. e4 Rxe4 38. Bxe4 Qxe4 39. Rd2 Qe6+ 40. b3 h5 41. Qxc7 Rg3 42. Qb8+ Kh7 43. f5 Qe3 44. Rh2 Qg5 45. Rxh5+ Qxh5 46. Qxg3 Qe2+ 47. Kb1 Qd1+ 48. Kb2 Qd2+ 1/2-1/2

[Event "San Francisco TNM Spring op"]
[Site "San Francisco"]
[Date "2009.03.17"]
[Round "2"]
[White "Bultman, Charles"]
[Black "Fuentes, Romulo C"]
[Result "1-0"]
[WhiteElo "1724"]
[BlackElo "2083"]
[PlyCount "71"]
[EventDate "2009.03.16"]
[EventType "swiss"]
[EventRounds "8"]
[EventCountry "USA"]
[SourceTitle "EXT 2012"]
[Source "ChessBase"]
[SourceDate "2011.11.24"]
[SourceVersion "1"]
[SourceVersionDate "2011.11.24"]
[SourceQuality "1"]

1. e4 c5 2. Nf3 d6 3. d4 cxd4 4. Nxd4 Nf6 5. Nc3 a6 6. f3 e5 7. Nb3 Be6 8. Be3 Nbd7 9. Qd2 b5 10. 0-0-0 Be7 11. g4 b4 12. Nd5 Bxd5 13. exd5 Nb6 14. Bxb6 Qxb6 15. g5 Nh5 16. h4 a5 17. Kb1 0-0 18. Bd3 a4 19. Nc1 a3 20. b3 Rac8 21. Ne2 Qc5 22. Rdg1 g6 23. Be4 f5 24. gxf6 Rxf6 25. Qg5 Nf4 26. h5 Nxe2 27. hxg6 Qxg1+ 28. Rxg1 Nxg1 29. gxh7+ Kh8 30. Qxg1 Rh6 31. Kc1 Rh5 32. f4 Rf8 33. Bg6 Rh4 34. f5 Rd4 35. Bf7 Kxh7 36. Qg6+ 1-0

[Event "San Francisco TNM Winter op"]
[Site "San Francisco"]
[Date "2009.02.24"]
[Round "8"]
[White "Bultman, Charles"]
[Black "Chan, John"]
[Result "1-0"]
[WhiteElo "1777"]
[BlackElo "1563"]
[PlyCount "97"]
[EventDate "2009.01.06"]
[EventType "swiss"]
[EventRounds "8"]
[EventCountry "USA"]
[SourceTitle "EXT 2012"]
[Source "ChessBase"]
[SourceDate "2011.11.24"]
[SourceVersion "1"]
[SourceVersionDate "2011.11.24"]
[SourceQuality "1"]

1. e4 c5 2. Nf3 Nc6 3. d4 cxd4 4. Nxd4 d6 5. Nc3 a6 6. Be3 Nf6 7. Qd2 e5 8. Nb3 Be7 9. f3 b5 10. 0-0-0 Be6 11. g4 h6 12. h4 Bxb3 13. axb3 Rc8 14. Bh3 Rb8 15. g5 hxg5 16. hxg5 Nh5 17. Bg4 g6 18. Nd5 Na5 19. Kb1 Nc6 20. Nf6+ Bxf6 21. gxf6 Na5 22. Qxd6 Qxd6 23. Rxd6 Ra8 24. Bd7+ Kf8 25. Rhd1 Kg8 26. Bg4 Ng3 27. Rd8+ Kh7 28. Rxa8 Rxa8 29. Rd7 Kg8 30. Bh6 Nc6 31. Rd2 Rd8 32. Rxd8+ Nxd8 33. b4 Ne6 34. Bxe6 fxe6 35. c3 Kf7 36. Bg5 Nh5 37. Kc2 Nxf6 38. Bxf6 Kxf6 39. Kd3 Kg5 40. Ke3 Kf6 41. b3 g5 42. c4 bxc4 43. bxc4 Ke7 44. Kf2 Kd6 45. Kg3 Kc6 46. Kg4 Kb6 47. Kxg5 a5 48. bxa5+ Kxa5 49. Kf6 1-0

[Event "San Francisco TNM Winter op"]
[Site "San Francisco"]
[Date "2009.01.13"]
[Round "2"]
[White "Cole, Tony"]
[Black "Bultman, Charles"]
[Result "0-1"]
[WhiteElo "1359"]
[BlackElo "1777"]
[PlyCount "100"]
[EventDate "2009.01.06"]
[EventType "swiss"]
[EventRounds "8"]
[EventCountry "USA"]
[SourceTitle "EXT 2012"]
[Source "ChessBase"]
[SourceDate "2011.11.24"]
[SourceVersion "1"]
[SourceVersionDate "2011.11.24"]
[SourceQuality "1"]

1. e4 c5 2. Nc3 Nc6 3. Nf3 d6 4. d4 cxd4 5. Nxd4 Nf6 6. Bc4 e6 7. Bg5 Be7 8. Bb3 0-0 9. 0-0 Bd7 10. Ndb5 Qb8 11. Bxf6 gxf6 12. Qg4+ Kh8 13. Rad1 a6 14. Nd4 Rg8 15. Qh5 Rg6 16. Nxc6 Bxc6 17. Rd3 Qg8 18. Rg3 Qg7 19. Re1 Rg8 20. a4 Bd8 21. Ree3 Bb6 22. Rd3 Qf8 23. Rxg6 Rxg6 24. Qh4 Qg7 25. g3 Bc5 26. Qf4 Rg4 27. Qf3 f5 28. Qd1 fxe4 29. Rxd6 Bxd6 30. Qxd6 h5 31. Qd8+ Kh7 32. h3 Rg5 33. h4 Rg4 34. Nd1 Qe5 35. c3 e3 36. Qd3+ Kg7 37. Nxe3 Rxg3+ 38. fxg3 Qxg3+ 39. Kf1 Bg2+ 40. Ke2 Bf3+ 41. Kd2 Qf2+ 42. Kc1 Qxh4 43. Nf5+ exf5 44. Qxf3 Qe1+ 45. Bd1 h4 46. Qxf5 Qe3+ 47. Kb1 h3 48. Ka2 h2 49. Qg4+ Kf8 50. Qc8+ Kg7 0-1

[Event "San Francisco TNM Fall op"]
[Site "San Francisco"]
[Date "2008.11.11"]
[Round "5"]
[White "Mar, Henry"]
[Black "Bultman, Charles"]
[Result "1-0"]
[WhiteElo "1511"]
[BlackElo "1777"]
[PlyCount "87"]
[EventDate "2008.10.14"]
[EventType "swiss"]
[EventRounds "10"]
[EventCountry "USA"]
[SourceTitle "EXT 2012"]
[Source "ChessBase"]
[SourceDate "2011.11.24"]
[SourceVersion "1"]
[SourceVersionDate "2011.11.24"]
[SourceQuality "1"]

1. e4 c5 2. Nf3 d6 3. d4 cxd4 4. Nxd4 Nf6 5. Nc3 a6 6. f3 e5 7. Nb3 Be7 8. Be3 Be6 9. Nd5 Bxd5 10. exd5 0-0 11. Qd2 Nbd7 12. 0-0-0 Qc7 13. Kb1 Rfc8 14. c4 Nb6 15. c5 Nbxd5 16. cxd6 Bxd6 17. Rc1 Qe7 18. Bg5 Nc7 19. Rd1 Rd8 20. Qe2 Ne6 21. Be3 Rac8 22. g3 Nc5 23. Bxc5 Bxc5 24. Bh3 Rc6 25. Rxd8+ Qxd8 26. Qxe5 Qd3+ 27. Ka1 Bd6 28. Qd4 Qc2 29. Qd2 Qxd2 30. Nxd2 Rc2 31. Rd1 Bb4 32. Nf1 Kf8 33. Kb1 Rf2 34. f4 Ke7 35. a3 Ba5 36. Bc8 Bb6 37. Bxb7 a5 38. h3 h5 39. Re1+ Kf8 40. Bc6 h4 41. Bb5 hxg3 42. Nxg3 Rxf4 43. Nh5 g6 44. Nxf4 1-0

[Event "San Francisco TNM Fall op"]
[Site "San Francisco"]
[Date "2008.10.28"]
[Round "3"]
[White "Standen, Julian"]
[Black "Bultman, Charles"]
[Result "1-0"]
[WhiteElo "1621"]
[BlackElo "1777"]
[PlyCount "106"]
[EventDate "2008.10.14"]
[EventType "swiss"]
[EventRounds "10"]
[EventCountry "USA"]
[SourceTitle "EXT 2012"]
[Source "ChessBase"]
[SourceDate "2011.11.24"]
[SourceVersion "1"]
[SourceVersionDate "2011.11.24"]
[SourceQuality "1"]

1. d4 Nf6 2. Nf3 g6 3. Bg5 Bg7 4. Nbd2 0-0 5. e4 d6 6. Be2 Nbd7 7. 0-0 e5 8. dxe5 Nxe5 9. Nxe5 dxe5 10. c3 b6 11. Qc2 Bb7 12. Rfe1 Qd7 13. Rad1 Qe6 14. b4 h6 15. Bh4 Nh7 16. f3 h5 17. a4 a5 18. b5 Bf6 19. Bf2 Be7 20. Bc4 Qc8 21. Nf1 Rd8 22. Qb3 Rf8 23. Ne3 Bc5 24. Nd5 Bxf2+ 25. Kxf2 Kg7 26. Ne3 Qe8 27. Rd2 Rd8 28. Red1 Rxd2+ 29. Rxd2 Nf6 30. Nd5 Bxd5 31. Bxd5 Qe7 32. c4 Rd8 33. Rd3 Nd7 34. Qd1 Nc5 35. Rd2 Qh4+ 36. Kg1 Qf4 37. Re2 h4 38. Kh1 Nxa4 39. Qe1 Nc5 40. h3 Nd3 41. Qc3 Nc5 42. Qc2 a4 43. Qc3 Nb3 44. Rc2 Nd4 45. Ra2 c6 46. bxc6 Nxc6 47. Rxa4 Nd4 48. Ra7 Rf8 49. Qb2 Qe3 50. Ra3 Qe1+ 51. Kh2 Ne2 52. Qxe5+ Kh7 53. Ra1 Qf2 1-0

[Event "San Francisco TNM Fall op"]
[Site "San Francisco"]
[Date "2008.10.21"]
[Round "2"]
[White "Bultman, Charles"]
[Black "Askin, David"]
[Result "0-1"]
[WhiteElo "1777"]
[BlackElo "1714"]
[PlyCount "90"]
[EventDate "2008.10.14"]
[EventType "swiss"]
[EventRounds "10"]
[EventCountry "USA"]
[SourceTitle "EXT 2012"]
[Source "ChessBase"]
[SourceDate "2011.11.24"]
[SourceVersion "1"]
[SourceVersionDate "2011.11.24"]
[SourceQuality "1"]

1. e4 c6 2. d4 d5 3. Nc3 dxe4 4. Nxe4 Nd7 5. Nf3 Ngf6 6. Ng3 g6 7. Bc4 Bg7 8. 0-0 0-0 9. Qe2 Nb6 10. Bb3 Bg4 11. c3 Qc7 12. h3 Bxf3 13. Qxf3 Nbd5 14. Bg5 a5 15. Rad1 a4 16. Bc2 Rfe8 17. Rfe1 h6 18. Bc1 e5 19. dxe5 Rxe5 20. c4 Rxe1+ 21. Rxe1 Qa5 22. Re2 Nb4 23. Bxh6 Bxh6 24. Qxf6 Nxc2 25. Rxc2 Qe1+ 26. Kh2 Bg7 27. Qd6 Qb1 28. Qd2 Qxa2 29. Ne4 Qb3 30. Nc5 Qb6 31. Nd3 Rd8 32. Qe2 Qd4 33. Ne1 Qd7 34. Nf3 Qd6+ 35. g3 Qd3 36. Qxd3 Rxd3 37. Nd2 f5 38. Kg2 Bh6 39. Nf3 Bg7 40. Nd2 c5 41. f3 Rd6 42. Nb1 Rb6 43. Nc3 Bxc3 44. bxc3 a3 45. Kf2 Rb2 0-1